Theory construction and data analysis in the behavioral sciences
| Beteiligte: | |
|---|---|
| Medienart: | Druck Buch |
| Sprache: | Englisch |
| Veröffentlicht: |
San Francisco, Calif. [u.a.]
Jossey-Bass
1978
|
| In: | Jahr: 1978 |
| Ausgabe: | 1. ed. |
| Online-Zugang: |
Inhaltsverzeichnis Inhaltsverzeichnis |
| Bestand in Tübingen: | In Tübingen vorhanden. UB: KB 11 A 342 |
| Verfügbarkeit prüfen: | HBZ Gateway |
| Subito Bestelldienst: | Jetzt bestellen. |
| Schlagwörter: |
MARC
| LEADER | 00000cam a2200000 c 4500 | ||
|---|---|---|---|
| 001 | 1609967577 | ||
| 003 | DE-627 | ||
| 005 | 20260206202918.0 | ||
| 007 | tu | ||
| 008 | 850101s1978 xxu||||| 00| ||eng c | ||
| 020 | |a 0875893791 |9 0-87589-379-1 | ||
| 035 | |a (DE-627)1609967577 | ||
| 035 | |a (DE-603)107482525 | ||
| 035 | |a (DE-576)007577141 | ||
| 035 | |a (DE-599)BSZ007577141 | ||
| 035 | |a (OCoLC)4587945 | ||
| 035 | |a (OCoLC)252033406 | ||
| 035 | |a (OCoLC)04587945 | ||
| 035 | |a (DE-604)8022973729 | ||
| 035 | |a (AT-OBV)AC01643472 | ||
| 040 | |a DE-627 |b ger |c DE-627 |e rakwb | ||
| 041 | |a eng | ||
| 044 | |c XD-US |c XA-GB | ||
| 082 | 0 | |a 300/.7/2 | |
| 082 | 0 | |a 300.72 |q LoC |2 DDC18oclc | |
| 084 | |a MR 1100 |2 rvk |0 (DE-625)rvk/123485: | ||
| 084 | |a CM 3000 |2 rvk |0 (DE-625)rvk/18945: | ||
| 084 | |a QB 920 |2 rvk |0 (DE-625)rvk/141232: | ||
| 084 | |a MR 2000 |2 rvk |0 (DE-625)rvk/123487: | ||
| 245 | 0 | 0 | |a Theory construction and data analysis in the behavioral sciences |c [Hrsg.] Samuel Shye |
| 250 | |a 1. ed. | ||
| 264 | 1 | |a San Francisco, Calif. [u.a.] |b Jossey-Bass |c 1978 | |
| 300 | |a XX, 426 S. |b graph. Darst. | ||
| 336 | |a Text |b txt |2 rdacontent | ||
| 337 | |a ohne Hilfsmittel zu benutzen |b n |2 rdamedia | ||
| 338 | |a Band |b nc |2 rdacarrier | ||
| 490 | 0 | |a Jossey-Bass social and behavioral science series | |
| 500 | |a Literaturangaben. - Bibliogr. Guttman S. 400-410 | ||
| 505 | 8 | |a Bibliogr. L. Guttman S. 400 - 410 | |
| 583 | 1 | |a Archivierung prüfen |c 20240324 |f DE-4165 |z 2 |2 pdager | |
| 650 | 0 | |a Psychological research | |
| 650 | 0 | |a experimental design | |
| 650 | 0 | |a Social science research | |
| 650 | 0 | 7 | |0 (DE-588)4131193-0 |0 (DE-627)105696773 |0 (DE-576)20962535X |a Datenauswertung |2 gnd |
| 650 | 0 | 7 | |0 (DE-588)4038971-6 |0 (DE-627)106230158 |0 (DE-576)209032642 |a Methode |2 gnd |
| 650 | 0 | 7 | |0 (DE-588)4185105-5 |0 (DE-627)105289884 |0 (DE-576)210030208 |a Theoriebildung |2 gnd |
| 650 | 0 | 7 | |0 (DE-588)4055916-6 |0 (DE-627)106156411 |0 (DE-576)209115904 |a Sozialwissenschaften |2 gnd |
| 650 | 0 | 7 | |0 (DE-588)4059787-8 |0 (DE-627)106142275 |0 (DE-576)209132256 |a Theorie |2 gnd |
| 655 | 7 | |a Aufsatzsammlung |0 (DE-588)4143413-4 |0 (DE-627)105605727 |0 (DE-576)209726091 |2 gnd-content | |
| 689 | 0 | 0 | |d s |0 (DE-588)4055916-6 |0 (DE-627)106156411 |0 (DE-576)209115904 |a Sozialwissenschaften |2 gnd |
| 689 | 0 | 1 | |d s |0 (DE-588)4185105-5 |0 (DE-627)105289884 |0 (DE-576)210030208 |a Theoriebildung |2 gnd |
| 689 | 0 | |5 DE-101 | |
| 689 | 1 | 0 | |d s |0 (DE-588)4055916-6 |0 (DE-627)106156411 |0 (DE-576)209115904 |a Sozialwissenschaften |2 gnd |
| 689 | 1 | 1 | |d s |0 (DE-588)4123037-1 |0 (DE-627)105758051 |0 (DE-576)209556331 |a Datenanalyse |2 gnd |
| 689 | 1 | |5 DE-101 | |
| 689 | 2 | 0 | |d s |0 (DE-588)4055916-6 |0 (DE-627)106156411 |0 (DE-576)209115904 |a Sozialwissenschaften |2 gnd |
| 689 | 2 | 1 | |d s |0 (DE-588)4131193-0 |0 (DE-627)105696773 |0 (DE-576)20962535X |a Datenauswertung |2 gnd |
| 689 | 2 | 2 | |d s |0 (DE-588)4038971-6 |0 (DE-627)106230158 |0 (DE-576)209032642 |a Methode |2 gnd |
| 689 | 2 | |5 (DE-627) | |
| 689 | 3 | 0 | |d s |0 (DE-588)4055916-6 |0 (DE-627)106156411 |0 (DE-576)209115904 |a Sozialwissenschaften |2 gnd |
| 689 | 3 | 1 | |d s |0 (DE-588)4185105-5 |0 (DE-627)105289884 |0 (DE-576)210030208 |a Theoriebildung |2 gnd |
| 689 | 3 | 2 | |d s |0 (DE-588)4038971-6 |0 (DE-627)106230158 |0 (DE-576)209032642 |a Methode |2 gnd |
| 689 | 3 | |5 (DE-627) | |
| 689 | 4 | 0 | |d s |0 (DE-588)4055916-6 |0 (DE-627)106156411 |0 (DE-576)209115904 |a Sozialwissenschaften |2 gnd |
| 689 | 4 | 1 | |d s |0 (DE-588)4059787-8 |0 (DE-627)106142275 |0 (DE-576)209132256 |a Theorie |2 gnd |
| 689 | 4 | 2 | |d s |0 (DE-588)4131193-0 |0 (DE-627)105696773 |0 (DE-576)20962535X |a Datenauswertung |2 gnd |
| 689 | 4 | |5 (DE-627) | |
| 700 | 1 | |a Shye, Samuel |e Hrsg. |0 (DE-588)170822605 |0 (DE-627)060960825 |0 (DE-576)131671766 |4 edt | |
| 856 | 4 | 2 | |u https://swbplus.bsz-bw.de/bsz007577141inh.htm |m V:DE-576 |q application/pdf |v 2007-01-03 |3 Inhaltsverzeichnis |7 1 |
| 856 | 4 | 2 | |u http://scans.hebis.de/HEBCGI/show.pl?10748252_toc.pdf |m V:DE-603;B:DE-17 |q application/pdf |3 Inhaltsverzeichnis |7 1 |
| 889 | |w (DE-627)024624691 | ||
| 889 | |w (DE-627)426496639 | ||
| 935 | |i mdedup | ||
| 935 | |h HEB |i 0501 | ||
| 935 | |h HEB |i 0503 | ||
| 936 | r | v | |a MR 1100 |b Sozialwissenschaftliche Methodologie und Methodenkritik |k Soziologie |k Sozialwissenschaftliche Theorien und Methoden |k Wissenschaftstheorie und Erkenntnistheorie |k Sozialwissenschaftliche Methodologie und Methodenkritik |0 (DE-627)127142746X |0 (DE-625)rvk/123485: |0 (DE-576)20142746X |
| 936 | r | v | |a CM 3000 |b Methoden der Psychologie (Testtheorie, Skalierung, Faktorenanalyse u.ä.) |k Psychologie |k Allgemeines. Geschichte und Methodik |k Methoden der Psychologie (Testtheorie, Skalierung, Faktorenanalyse u.ä.) |0 (DE-627)127150832X |0 (DE-625)rvk/18945: |0 (DE-576)20150832X |
| 936 | r | v | |a QB 920 |b Festschriften für Personen |k Wirtschaftswissenschaften |k Allgemeines. Methoden der Wirtschaftswissenschaften. Unterrichts- und Ausbildungsmethoden in den Wirtschaftswissenschaften, Wirtschaftspädagogik |k Wirtschaftswissenschaftliche Enzyklopädien und Sammelwerke |k Festschriften für Personen |0 (DE-627)1270742388 |0 (DE-625)rvk/141232: |0 (DE-576)200742388 |
| 936 | r | v | |a MR 2000 |b Allgemeine Werke und Lehrbücher |k Soziologie |k Sozialwissenschaftliche Theorien und Methoden |k Methoden der Sozialforschung |k Allgemeine Werke und Lehrbücher |0 (DE-627)1271138913 |0 (DE-625)rvk/123487: |0 (DE-576)201138913 |
| 936 | s | n | |a c200 |2 mzub |
| 936 | s | n | |a m200 |2 mzub |
| 936 | s | n | |a q100 |2 mzub |
| 951 | |a BO | ||
| ELC | |b 1 | ||
| LOK | |0 000 xxxxxcx a22 zn 4500 | ||
| LOK | |0 001 3148243137 | ||
| LOK | |0 003 DE-627 | ||
| LOK | |0 004 1609967577 | ||
| LOK | |0 005 20020606000000 | ||
| LOK | |0 008 910115||||||||||||||||ger||||||| | ||
| LOK | |0 040 |a DE-21 |c DE-627 |d DE-21 | ||
| LOK | |0 852 |a DE-21 | ||
| LOK | |0 852 1 |c KB 11 A 342 |9 00 | ||
| LOK | |0 935 |a krim | ||
| LOK | |0 936ln |a k1.6 | ||
| LOK | |0 939 |a 15-01-91 |b l01 | ||
| ORI | |a SA-MARC-krimdoka001.raw | ||
| SIG | |a UB: KB 11 A 342 | ||
